| 000 | 01290nam a2200313 i 4500 | ||
|---|---|---|---|
| 001 | 000025480 | ||
| 003 | DO-SdBNP | ||
| 005 | 20240520190011.0 | ||
| 007 | ta | ||
| 008 | 110217s1985 dr 000 0 spa d | ||
| 040 |
_aDO-SdBNP _bspa _cBNPHU _erda |
||
| 082 | 4 |
_a291.0922 _bC331p _222 |
|
| 100 | 1 |
_aPérez Memén, Fernando, _d1943- _eautor _938744 |
|
| 245 | 1 | 3 |
_aEl Arzobispo Fernando Carvajal y Rivera : _bun crítico de la política colonial española (y otros ensayos históricos) / _cFernándo Pérez Memén. |
| 264 |
_aSanto Domingo : _bUniversidad Nacional Pedro Henríquez Ureña, _c1985. |
||
| 300 |
_a243 páginas ; _c22 cm. |
||
| 336 |
_2rdacontent _atexto _btxt |
||
| 337 |
_2rdamedia _asin mediación _bnc |
||
| 338 |
_2rdacarrier _avolumen _bnc |
||
| 500 | _aIncluye datos biográficos del autor en la contracubierta. | ||
| 590 | _aInventariado, 2018/VM | ||
| 600 | 1 | 4 |
_aCarvajal y Rivera, Fernando _952115 |
| 650 | 0 |
_aClero _919068 |
|
| 650 | 4 |
_aIglesia católica _xHistoria _zRepública Dominicana _923682 |
|
| 651 | 4 |
_aRepública Dominicana _xHistoria _zGobierno Colonial Español, 1511-1795 _952116 |
|
| 651 | 4 |
_aRepública Dominicana _xPolítica y gobierno _zGobierno Colonial Español, 1511-1795 _952117 |
|
| 910 | _aValidado. Control de calidad EMS | ||
| 942 |
_2ddc _cLBS1 |
||
| 999 |
_c24972 _d24972 |
||